000 00391nam a2200133Ia 4500
008 151001s9999||||xx |||||||||||||| ||und||
100 _aरामनारायण धुर्वे
245 _aभरभरी लोकगाथा की परंपरा
250 _a1
260 _bमित्तल एंड सन्स
260 _c2010
300 _a199
365 _b21
999 _c999449
_d999446